000 00642nam a22002177a 4500
999 _c11992
_d11992
003 AR-CdUCM
008 190405b ||||| |||| 00| 0 spa d
020 _a978-84-95053-50-3
040 _aMUNICIPALIDAD PROVINCIAL DEL CUSCO
_cBIBLIOTECA MUNICIPAL DEL CUSCO
082 _aEP / 863 /
_bL56
100 _aLezcano, Aura Jazmín
_929636
245 _aEl jardín de la luna /
260 _aBarcelona :
_bVilatana,
_c2010.
300 _a27 paginas
_c21 cm.
505 _aContenido :El jardín de la luna.
650 _aCuentos
_9217
650 _aHistorietas
_910786
700 _aFrench, Nino
_929637
942 _2ddc
_cLIBROS
945 _arum